| 000 | 00463nam a22001817a 4500 | ||
|---|---|---|---|
| 020 | _a9509606855 | ||
| 080 | _a343.57 C 665 | ||
| 100 | _aCornejo, Abel | ||
| 245 | _aLos Delitos del Tràfico de Estupefacientes | ||
| 260 |
_aBuenos Aires _bAd- Hoc _c1994 |
||
| 300 | _a305 P. | ||
| 650 | _xEstupefacientes | ||
| 650 | _xley 23737 | ||
| 650 | _xtràfico de estupefacientes | ||
| 650 | _xcomercio de estupefacientes | ||
| 945 |
_acd _d2015-03-02 |
||
| 999 |
_c3550 _d234054 |
||
| 942 | _6_ | ||